Obrábanie autorotujúcim nástrojom - možný prístup k zvyšovaniu produktivity
Neustále zvyšujúce sa požiadavky na nové výrobky a ich komponenty nútia konštruktérov stále častejšie používať materiály vyššej pevnosti, tvrdosti a s inými špecifickými vlastnosťami. Ťažkosti spojené s obrábaním týchto materiálov. Zvyšovanie trvanlivosti nástroja. Prototyp autorotujúceho nástroja....
Salvato in:
| Autore principale: | |
|---|---|
| Altri autori: | , |
| Natura: | Capitolo di libro |
| Lingua: | slovacco |
| Soggetti: | |
| Tags: |
Nessun Tag, puoi essere il primo ad aggiungerne!!
|
MARC
| LEADER | 00000naa a2200000 4500 | ||
|---|---|---|---|
| 001 | r042976 | ||
| 005 | 20231002121108.2 | ||
| 041 | 0 | |a slo | |
| 044 | |a SK | ||
| 245 | 1 | 0 | |a Obrábanie autorotujúcim nástrojom - možný prístup k zvyšovaniu produktivity |c Anna Mičietová, Jozef Pilc, Ján Salaj |
| 520 | |a Neustále zvyšujúce sa požiadavky na nové výrobky a ich komponenty nútia konštruktérov stále častejšie používať materiály vyššej pevnosti, tvrdosti a s inými špecifickými vlastnosťami. Ťažkosti spojené s obrábaním týchto materiálov. Zvyšovanie trvanlivosti nástroja. Prototyp autorotujúceho nástroja. Vybrané výsledky experimentov pri obrábaní rovinných plôch. | ||
| 610 | 2 | 0 | |a stroje obrábacie |
| 610 | 2 | 0 | |a výroba |
| 610 | 2 | 0 | |a materiály nové |
| 610 | 2 | 0 | |a prototypy výrobkov |
| 610 | 2 | 0 | |a experimenty |
| 100 | 1 | |a Mičietová, Anna | |
| 700 | 1 | |a Pilc, Jozef | |
| 700 | 1 | |a Salaj, Ján | |